The Fieldworker And The Field : Problems And Challenges In Sociological Investigation (Record no. 591548)

MARC details
000 -LEADER
fixed length control field 00527nam a2200157 4500
008 - FIXED-LENGTH DATA ELEMENTS--GENERAL INFORMATION
fixed length control field 251014b |||||||| |||| 00| 0 eng d
020 ## - INTERNATIONAL STANDARD BOOK NUMBER
ISBN 9780195668346
Paper back/Hardbound pbk
041 ## - LANGUAGE CODE
Language code of text/sound track or separate title eng
082 ## - DEWEY DECIMAL CLASSIFICATION NUMBER
Classification number 301.072
Item number SRI
245 ## - TITLE STATEMENT
Title The Fieldworker And The Field : Problems And Challenges In Sociological Investigation
Statement of responsibility, etc M N Srinivasa, A. M. Shah andE. A. Ramaswamy
260 ## - PUBLICATION, DISTRIBUTION, ETC. (IMPRINT)
Place of publication Oxford
Name of publisher Oxford University Press
Year of publication 2002
300 ## - PHYSICAL DESCRIPTION
Number of Pages xvii, 286 p.
Dimensions 24 cm.
650 ## - SUBJECT ADDED ENTRY--TOPICAL TERM
Topical Term Sociology Methodology;
942 ## - ADDED ENTRY ELEMENTS (KOHA)
Koha item type English Books
Holdings
Withdrawn status Lost status Damaged status Not for loan Home library Current library Shelving location Date acquired Full call number Accession Number Price effective from Koha item type
        Anna Centenary Library Anna Centenary Library 3RD FLOOR, B WING 06.08.2010 301.072 SRI 112194 14.10.2025 English Books

Find us on the map